000 00340nam a2200133Ia 4500
008 230411s9999 xx 000 0 und d
041 _aeng
082 _aX/891/KAD/B01766
100 _aKadwadkar V V
245 _aSarthak
260 _bMaharshi Karve Stree Shikshan Samstha
_aPune
_c2004
300 _a108p
999 _c153009
_d153009